How to improve your school : (Record no. 3922)

000 -LEADER
fixed length control field 01397cam a2200361 a 4500
001 - CONTROL NUMBER
control field 13563374
003 - CONTROL NUMBER IDENTIFIER
control field Nust
005 - DATE AND TIME OF LATEST TRANSACTION
control field 20170105101615.0
008 - FIXED-LENGTH DATA ELEMENTS--GENERAL INFORMATION
fixed length control field 040419s2004 nyu b 001 0 eng d
010 ## - LIBRARY OF CONGRESS CONTROL NUMBER
LC control number 2004299005
015 ## - NATIONAL BIBLIOGRAPHY NUMBER
National bibliography number GBA3-U9668
020 ## - INTERNATIONAL STANDARD BOOK NUMBER
International Standard Book Number 0826465307
020 ## - INTERNATIONAL STANDARD BOOK NUMBER
International Standard Book Number 0826465315 (pbk.)
035 ## - SYSTEM CONTROL NUMBER
System control number (OCoLC)ocm52947553
040 ## - CATALOGING SOURCE
Original cataloging agency UKM
Transcribing agency UKM
Modifying agency OCLCQ
-- IXA
-- DLC
042 ## - AUTHENTICATION CODE
Authentication code lccopycat
050 00 - LIBRARY OF CONGRESS CALL NUMBER
Classification number LB2822.84.G7
Item number R825 2004
082 04 - DEWEY DECIMAL CLASSIFICATION NUMBER
Classification number 371.59
Edition number 21
Author Mark RUD
100 1# - MAIN ENTRY--PERSONAL NAME
Personal name Rudduck, Jean.
245 10 - TITLE STATEMENT
Title How to improve your school :
Remainder of title giving pupils a voice /
Statement of responsibility, etc. Jean Rudduck and Julia Flutter.
260 ## - PUBLICATION, DISTRIBUTION, ETC.
Place of publication, distribution, etc. London ;
-- New York :
Name of publisher, distributor, etc. Continuum,
Date of publication, distribution, etc. c2004.
300 ## - PHYSICAL DESCRIPTION
Extent xv, 189 p. ;
Dimensions 22 cm.
504 ## - BIBLIOGRAPHY, ETC. NOTE
Bibliography, etc. note Includes bibliographical references (p. [167]-184) and index.
650 #0 - SUBJECT ADDED ENTRY--TOPICAL TERM
Topical term or geographic name entry element School improvement programs
Geographic subdivision Great Britain.
650 #0 - SUBJECT ADDED ENTRY--TOPICAL TERM
Topical term or geographic name entry element Student participation in administration.
700 1# - ADDED ENTRY--PERSONAL NAME
Personal name Flutter, Julia.
856 42 - ELECTRONIC LOCATION AND ACCESS
Materials specified Contributor biographical information
Uniform Resource Identifier <a href="http://www.loc.gov/catdir/enhancements/fy1204/2004299005-b.html">http://www.loc.gov/catdir/enhancements/fy1204/2004299005-b.html</a>
856 41 - ELECTRONIC LOCATION AND ACCESS
Materials specified Table of contents only
Uniform Resource Identifier <a href="http://www.loc.gov/catdir/enhancements/fy1204/2004299005-t.html">http://www.loc.gov/catdir/enhancements/fy1204/2004299005-t.html</a>
856 42 - ELECTRONIC LOCATION AND ACCESS
Materials specified Publisher description
Uniform Resource Identifier <a href="http://www.loc.gov/catdir/enhancements/fy1213/2004299005-d.html">http://www.loc.gov/catdir/enhancements/fy1213/2004299005-d.html</a>
906 ## - LOCAL DATA ELEMENT F, LDF (RLIN)
a 7
b cbc
c copycat
d 2
e ncip
f 20
g y-gencatlg
942 ## - ADDED ENTRY ELEMENTS (KOHA)
Source of classification or shelving scheme
Koha item type Book
Holdings
Withdrawn status Lost status Source of classification or shelving scheme Damaged status Not for loan Permanent Location Current Location Shelving location Date acquired Source of acquisition Total Checkouts Full call number Barcode Date last seen Copy number Price effective from Koha item type
          Central Library (CL) Central Library (CL) Book Cart 11/24/2016 Purchased   371.59 RUD CL2551 11/24/2016 1 11/24/2016 Book
© 2023 Central Library, National University of Sciences and Technology. All Rights Reserved.